000 01156njm a22002657a 4500
005 2010091508348.0
006 a|||||r|||||00| 0
007 sd ammalaaahaa
008 100915t xxu||||| |||| 00| 0 eng d
028 _aECSD.5533
_bHis master's Voice
035 _aGR-02758
040 _aSED
_cSED
100 _917455
_aMangeshkar, Lata
245 _aAaj phir jeene ki tamanna hai (Guide)/
_cby Lata Mangeshkar
_h[sound recording] :
246 _aआज फिर जीने की तमन्ना है (गुइदे ) / लता मंगेशकर द्वारा
260 _aDum Dum, India
_bHis Master's Voice
_c1977
300 _a1 sound disc [Gramophone Recording]:
_banalog, 33 1/3 rpm
_c12 in. (LP)
_fGramophone Record
500 _aBrief Record
500 _aRecord labels :His Master's Voice,Red
505 _aSide-2 ये मेरे दीवानापन है (Ye mere diwanapan hai )(Yahudi) (Mukesh)
600 _aMangeshkar, Lata
_91184
650 _aFilm songs
_zIndia
_91186
_xExcerpts
942 _2ddc
_cGR
999 _c45964
_d45964